[Event "XVI C.to Europeo a squadre Seniores"]
[Site "Sebenico CRO"]
[Date "2014.04.08"]
[Round "8.2"]
[White "Bruno, Fabio"]
[Black "Mollaoglu, Ergin"]
[Result "1-0"]
[WhiteElo "2413"]
[BlackElo "2354"]
[Annotator "ITA-TUR"]
[PlyCount "75"]
[EventDate "2014.04.01"]

1. d4 Nf6 2. Nf3 g6 3. c4 d6 4. Nc3 Bf5 5. d5 Bg7 6. Nd4 Bd7 7. e4 c5 8. Nf3
O-O 9. h3 Na6 10. Bd3 Nc7 11. O-O a6 12. Bf4 b5 13. e5 Nfe8 14. a4 bxc4 15.
Bxc4 Rb8 16. Qe2 Rb4 17. b3 dxe5 18. Bxe5 Nd6 19. Bxg7 Kxg7 20. Na2 Rb8 21. Qe3
Nxc4 22. bxc4 Bxa4 23. Nc1 Be8 24. Qxc5 Qd6 25. Nd3 Bd7 26. Qd4+ Kg8 27. Nc5 f6
28. Rfe1 Bf5 29. g4 Bd7 30. Rxe7 Qxe7 31. d6 Qd8 32. dxc7 Qxc7 33. Nxd7 Rbd8
34. Nxf6+ Kh8 35. Nd7+ Kg8 36. Nfe5 Rfe8 37. Nf6+ Kf8 38. Nxe8 1-0

[Event "XVI C.to Europeo a squadre Seniores"]
[Site "Sebenico CRO"]
[Date "2014.04.08"]
[Round "8.3"]
[White "Dogantug, Ahmet Ismail"]
[Black "Bellia, Fabrizio"]
[Result "1-0"]
[WhiteElo "2149"]
[BlackElo "2409"]
[Annotator "ITA-TUR"]
[PlyCount "95"]
[EventDate "2014.04.01"]

1. e4 e5 2. Nf3 Nc6 3. Bb5 a6 4. Ba4 Nge7 5. c3 g6 6. d4 exd4 7. cxd4 b5 8. Bb3
Bg7 9. Nc3 O-O 10. O-O Na5 11. Bc2 d6 12. h3 Bb7 13. Re1 Rc8 14. Bg5 h6 15.
Bxe7 Qxe7 16. a4 b4 17. Nd5 Qd8 18. Nxb4 c5 19. dxc5 Bxb2 20. Rb1 Bc3 21. c6
Nxc6 22. Nxc6 Bxc6 23. Re3 Qa5 24. Bb3 Bg7 25. Qxd6 Kh7 26. Rc1 Qb6 27. e5 Rfd8
28. Qe7 Rd7 29. Qh4 Rf8 30. e6 fxe6 31. Ng5+ Kh8 32. Nxe6 Rf6 33. Qc4 Bb7 34.
Nxg7 Rxg7 35. Rce1 Kh7 36. R1e2 Rc6 37. Qf4 Rc1+ 38. Kh2 Qc7 39. Re5 Rc3 40.
Be6 Rc5 41. Qd4 Rxe5 42. Rxe5 Re7 43. f4 Re8 44. Rc5 Qe7 45. Qe5 Qg7 46. Rc7
Re7 47. Rxe7 Qxe7 48. Bg8+ 1-0

[Event "XVI C.to Europeo a squadre Seniores"]
[Site "Sebenico CRO"]
[Date "2014.04.08"]
[Round "8.4"]
[White "Micheli, Carlo"]
[Black "Muratoglu, Salih"]
[Result "1-0"]
[WhiteElo "2289"]
[BlackElo "2020"]
[Annotator "ITA-TUR"]
[PlyCount "81"]
[EventDate "2014.04.01"]

1. c4 c5 2. Nc3 Nc6 3. g3 g6 4. Bg2 Bg7 5. d3 Nf6 6. Bd2 d6 7. Rb1 Bd7 8. a3
O-O 9. b4 Rb8 10. b5 Na5 11. Nf3 b6 12. Qc1 Re8 13. Bh6 Bh8 14. h3 e5 15. Ng5
Be6 16. e4 Qd7 17. O-O Bg7 18. Bxg7 Kxg7 19. f4 exf4 20. Qxf4 Nh5 21. Qh4 h6
22. Nxe6+ Rxe6 23. Nd5 Qd8 24. Qxd8 Rxd8 25. Rf3 Rd7 26. h4 f5 27. Bh3 Re5 28.
exf5 gxf5 29. Bxf5 Rf7 30. g4 Nf6 31. Nf4 Rfe7 32. Rbf1 Re1 33. g5 hxg5 34.
hxg5 Nh7 35. Nh5+ Kh8 36. Be4 R1xe4 37. dxe4 Nxg5 38. Rf8+ Kh7 39. Nf6+ Kg7 40.
Rg8+ Kh6 41. Rf5 1-0

[Event "XVI C.to Europeo a squadre Seniores"]
[Site "Sebenico CRO"]
[Date "2014.04.09"]
[Round "9.1"]
[White "Garcia Palermo, Carlos Horacio"]
[Black "Dvoirys, Semen I."]
[Result "1/2-1/2"]
[WhiteElo "2455"]
[BlackElo "2560"]
[Annotator "ITA-RUS1"]
[PlyCount "85"]
[EventDate "2014.04.01"]

1. Nf3 c5 2. c4 Nf6 3. Nc3 e6 4. d4 cxd4 5. Nxd4 a6 6. e3 Qc7 7. Be2 b6 8. O-O
Bb7 9. Bd2 Be7 10. Rc1 O-O 11. b4 Nc6 12. b5 axb5 13. Ndxb5 Qd8 14. e4 Ne5 15.
Bf4 d6 16. Qd4 Ng6 17. Bg3 e5 18. Qd3 Qb8 19. Rfd1 Bc6 20. Rb1 Rd8 21. Bf1 Nh5
22. f3 Ngf4 23. Qc2 Nxg3 24. hxg3 Ne6 25. Nd5 Bg5 26. Qf2 Bxd5 27. Rxd5 Rd7 28.
Rbd1 g6 29. a3 Qf8 30. f4 exf4 31. gxf4 Bxf4 32. g3 Bg5 33. e5 Qh6 34. Kg2 Nc5
35. Qf3 Rad8 36. Qg4 f5 37. exf6 Bxf6 38. Nxd6 Qe3 39. Nf5 Qc3 40. Nh6+ Kg7 41.
Rxd7+ Rxd7 42. Rxd7+ Nxd7 43. Qxd7+ 1/2-1/2

[Event "XVI C.to Europeo a squadre Seniores"]
[Site "Sebenico CRO"]
[Date "2014.04.09"]
[Round "9.2"]
[White "Gleizerov, Evgeny"]
[Black "Bruno, Fabio"]
[Result "1-0"]
[WhiteElo "2531"]
[BlackElo "2413"]
[Annotator "ITA-RUS2"]
[PlyCount "75"]
[EventDate "2014.04.01"]

1. d4 d5 2. c4 c6 3. Nf3 Nf6 4. Nc3 e6 5. g3 dxc4 6. Bg2 b5 7. Ne5 a6 8. O-O
Bb7 9. b3 b4 10. Na4 c3 11. Nc4 a5 12. a3 Ba6 13. axb4 axb4 14. Nc5 Bxc5 15.
dxc5 O-O 16. Bf4 Nd5 17. Bd6 Nd7 18. e4 N5f6 19. Ra4 Nxc5 20. Bxc5 Qxd1 21.
Rxd1 Bxc4 22. Bxf8 Rxf8 23. Rxb4 Be2 24. Rc1 Rd8 25. h3 g5 26. Rxc3 Rd1+ 27.
Kh2 Bb5 28. Rc2 e5 29. Bf3 Re1 30. Rc5 Nd7 31. Rcxb5 cxb5 32. Rxb5 h6 33. Rd5
Nf6 34. Rxe5 Rb1 35. Rf5 Kg7 36. e5 Ng8 37. Bd5 f6 38. Bxg8 1-0

[Event "XVI C.to Europeo a squadre Seniores"]
[Site "Sebenico CRO"]
[Date "2014.04.09"]
[Round "9.3"]
[White "Bellia, Fabrizio"]
[Black "Gavrilov, Alexei"]
[Result "0-1"]
[WhiteElo "2409"]
[BlackElo "2466"]
[Annotator "ITA-RUS3"]
[PlyCount "76"]
[EventDate "2014.04.01"]

1. d4 Nf6 2. c4 e6 3. Nc3 Bb4 4. e3 O-O 5. Bd3 d5 6. Nf3 c5 7. O-O cxd4 8. exd4
dxc4 9. Bxc4 b6 10. Qb3 Bxc3 11. bxc3 Bb7 12. Ba3 Re8 13. Bb5 Bc6 14. Ne5 Bxb5
15. Qxb5 Nbd7 16. Rfd1 Qc7 17. Rac1 a6 18. Qe2 b5 19. c4 bxc4 20. Nxc4 Qf4 21.
Nd6 Red8 22. Rc6 Nd5 23. g3 Qf6 24. Rd3 Qg6 25. Rf3 N7f6 26. Rxa6 h5 27. Rxa8
Rxa8 28. Rb3 h4 29. Bc1 h3 30. Rb7 Nc3 31. Qf1 Qg4 32. Rb2 Rxa2 33. Rxa2 Nxa2
34. Be3 Nd5 35. Nc4 Nac3 36. f3 Qf5 37. g4 Qc2 38. Na3 Qa2 0-1

[Event "XVI C.to Europeo a squadre Seniores"]
[Site "Sebenico CRO"]
[Date "2014.04.09"]
[Round "9.4"]
[White "Zhelnin, Vladimir V."]
[Black "Micheli, Carlo"]
[Result "1-0"]
[WhiteElo "2457"]
[BlackElo "2289"]
[Annotator "ITA-RUS4"]
[PlyCount "82"]
[EventDate "2014.04.01"]

1. e4 g6 2. d4 Bg7 3. Nc3 d6 4. Nf3 Nf6 5. Be2 O-O 6. O-O a6 7. Re1 Nc6 8. d5
Ne5 9. a4 e6 10. Nd4 exd5 11. exd5 Re8 12. h3 c5 13. dxc6 Nxc6 14. Be3 d5 15.
Nxc6 bxc6 16. a5 Ne4 17. Nxe4 Rxe4 18. c3 Qe7 19. Bf3 Re6 20. Qd2 Bd7 21. Bg4
f5 22. Bf3 Re8 23. Kf1 Qd6 24. g3 Bc8 25. Bf4 Qc5 26. Rxe6 Rxe6 27. Kg2 Bf6 28.
h4 Qe7 29. Ra4 Qd8 30. Bg5 Rd6 31. Bxf6 Qxf6 32. Rb4 Kg7 33. Rb8 Be6 34. Qd4
Bf7 35. Rb6 h6 36. Rxa6 g5 37. hxg5 hxg5 38. Rb6 g4 39. Be2 Kg6 40. Qxf6+ Rxf6
41. a6 d4 1-0

[Event "IX Open Primavera"]
[Site "Como ITA"]
[Date "2014.03.06"]
[Round "1"]
[White "Bassoli, Andrea D."]
[Black "Buonocore, Elio"]
[WhiteElo "1590"]
[BlackElo "2177"]
[Result "0-1"]
[PlyCount "60"]
[EventDate "2014.03.06"]

1. e4 c5 2. Nf3 Nc6 3. d4 cxd4 4. Nxd4 Nf6 5. Nc3 e5 6. Nb3 Bb4 7. f3 d5 8. Bg5
Bxc3+ 9. bxc3 dxe4 10. Qxd8+ Nxd8 11. Bxf6 gxf6 12. Bb5+ Ke7 13. fxe4 Ne6 14.
g3 h5 15. h4 Nc7 16. Bd3 Bg4 17. Kf2 Ne6 18. Ke3 Rac8 19. c4 Rc7 20. a4 Rhc8
21. c3 Ng7 22. Nd2 Rd8 23. Rhf1 Rcd7 24. Nb3 Rxd3+ 25. Kf2 f5 26. Nc5 Rxc3 27.
exf5 Rd2+ 28. Ke1 Re2+ 29. Kd1 Rg2+ 30. Ke1 Re3# 0-1

[Event "IX Open Primavera"]
[Site "Como ITA"]
[Date "2014.03.06"]
[Round "1"]
[White "Brambilla, Emilio"]
[Black "Filippini, Enea"]
[WhiteElo "1482"]
[BlackElo "1694"]
[Result "1-0"]
[PlyCount "57"]
[EventDate "2014.03.06"]

1. d4 d5 2. Nf3 Nf6 3. Nbd2 e6 4. g3 Be7 5. Bg2 Nbd7 6. O-O O-O 7. h3 b6 8. Ne5
Bb7 9. c3 c5 10. Ndf3 Ne4 11. Nh2 Rc8 12. f3 Nxg3 13. Rf2 Nf5 14. Qa4 Nxe5 15.
dxe5 Qc7 16. f4 Rfd8 17. Bf3 c4 18. Nf1 Bc6 19. Qc2 d4 20. Be4 Bxe4 21. Qxe4
Bc5 22. e3 dxe3 23. Bxe3 Nxe3 24. Nxe3 Bxe3 25. Qxe3 Rd3 26. Qe4 Rxh3 27. Rd1
Rd8 28. Rfd2 Rxd2 29. Qa8+ 1-0

[Event "IX Open Primavera"]
[Site "Como ITA"]
[Date "2014.03.06"]
[Round "1"]
[White "Gonella, Daniele"]
[Black "Ciancio, Mario"]
[WhiteElo "2143"]
[BlackElo "1563"]
[Result "1-0"]
[PlyCount "37"]
[EventDate "2014.03.06"]

1. e4 e5 2. Nf3 Nc6 3. Bb5 a6 4. Ba4 Nf6 5. O-O b5 6. Bb3 Bc5 7. Nxe5 Nxe5 8.
d4 Bxd4 9. Qxd4 Qe7 10. f4 Nc6 11. Qd3 Na5 12. e5 Nxb3 13. exf6 Nxc1 14. fxg7
Rg8 15. Qxh7 Qe3+ 16. Kh1 Rxg7 17. Qxg7 Ne2 18. Nc3 Nxc3 19. bxc3 1-0

[Event "IX Open Primavera"]
[Site "Como ITA"]
[Date "2014.03.06"]
[Round "1"]
[White "Manino, Edoardo"]
[Black "Lipari, Alberto"]
[WhiteElo "1926"]
[BlackElo "1525"]
[Result "1-0"]
[PlyCount "113"]
[EventDate "2014.03.06"]

1. d4 g6 2. c4 Bg7 3. e4 d6 4. Nc3 Nc6 5. Be3 e5 6. Nf3 Bg4 7. d5 Nd4 8. Be2
Bxf3 9. Bxf3 Ne7 10. Ne2 c5 11. dxc6 Nexc6 12. Nxd4 exd4 13. Bf4 O-O 14. O-O f5
15. exf5 Rxf5 16. Bd5+ Kh8 17. Bg3 Qc7 18. Qb3 a5 19. Be4 Rc5 20. Rac1 a4 21.
Qd1 Ne5 22. b3 axb3 23. axb3 Nc6 24. f4 Rf8 25. Qd2 Na5 26. Rb1 b5 27. Bc2 Qb6
28. Bf2 Nc6 29. Be4 bxc4 30. bxc4 Qa5 31. Qc1 Qa4 32. Bd5 Ne7 33. Ra1 Qd7 34.
Be4 d5 35. Qa3 Rxc4 36. Bf3 h5 37. Rfe1 Rf7 38. Rad1 Nf5 39. Qa8+ Kh7 40. Qxd5
Ra4 41. Qxd7 Rxd7 42. Bc6 Raa7 43. Bxd7 Rxd7 44. Rd3 Bh6 45. Re4 Bg7 46. Kf1
Kh6 47. Re6 h4 48. Ke2 Kh5 49. Kf3 g5 50. fxg5 Kxg5 51. Be1 Rf7 52. Ke2 Ne7 53.
Re4 Nc6 54. Bxh4+ Kh5 55. Rh3 d3+ 56. Kxd3 Ne5+ 57. Rxe5+ 1-0

[Event "IX Open Primavera"]
[Site "Como ITA"]
[Date "2014.03.06"]
[Round "1"]
[White "Nastasi, Ivano"]
[Black "Bettinelli, Sergio"]
[WhiteElo "1725"]
[BlackElo "1484"]
[Result "1-0"]
[PlyCount "47"]
[EventDate "2014.03.06"]

1. d4 d5 2. c4 e6 3. Nc3 c6 4. e4 dxe4 5. Nxe4 f5 6. Nc3 Nf6 7. Nf3 Nbd7 8. Be2
Be7 9. O-O O-O 10. Re1 Qc7 11. Bd3 Ne4 12. Nxe4 fxe4 13. Rxe4 Nf6 14. Re1 Bd7
15. Ng5 Qd6 16. c5 Qd5 17. Re5 Qxd4 18. Bxh7+ Nxh7 19. Qxd4 Nf6 20. Nxe6 Rfd8
21. Nxd8 Rxd8 22. Rxe7 Nh5 23. Rxd7 Re8 24. Rd8 1-0

[Event "IX Open Primavera"]
[Site "Como ITA"]
[Date "2014.03.06"]
[Round "1"]
[White "Pede, Lucio"]
[Black "Rossi, Silio"]
[WhiteElo "1794"]
[BlackElo "1505"]
[Result "1-0"]
[PlyCount "103"]
[EventDate "2014.03.06"]

1. e4 c5 2. c3 Nc6 3. Nf3 e5 4. Bc4 h6 5. d4 exd4 6. cxd4 cxd4 7. Nxd4 Qe7 8.
O-O Ne5 9. Bb3 a6 10. Nc3 Nf6 11. Nf5 Qb4 12. f4 Qc5+ 13. Be3 Qc7 14. fxe5 Qxe5
15. Bd4 Bc5 16. Bxc5 Qxc5+ 17. Qd4 Qxd4+ 18. Nxd4 O-O 19. Nf5 Re8 20. Nxh6+ Kh7
21. Nxf7 Re7 22. Ng5+ Kg6 23. h4 d6 24. Rad1 Rd7 25. Nd5 Nxd5 26. Bxd5 Rd8 27.
e5 Bg4 28. Bf7+ Kh6 29. exd6 Bxd1 30. Rxd1 Rf8 31. d7 g6 32. Ne6 Rxf7 33. d8=Q
Rxd8 34. Rxd8 Re7 35. Rh8+ Rh7 36. Rxh7+ Kxh7 37. Nc5 Kh6 38. g4 g5 39. h5 b6
40. Nxa6 Kh7 41. b4 Kh6 42. b5 Kg7 43. Nb8 Kf6 44. Nd7+ Kg7 45. Nxb6 Kf6 46.
Nd5+ Kg7 47. b6 Kh6 48. b7 Kg7 49. b8=Q Kf7 50. Qd6 Kg8 51. Qe7 Kh8 52. h6 1-0

[Event "IX Open Primavera"]
[Site "Como ITA"]
[Date "2014.03.06"]
[Round "1"]
[White "Puppi, Simone"]
[Black "Bellotto, Stefano"]
[WhiteElo "1538"]
[BlackElo "1989"]
[Result "0-1"]
[PlyCount "112"]
[EventDate "2014.03.06"]

1. Nf3 c5 2. g3 Nc6 3. c3 e5 4. d3 d5 5. Bg2 g6 6. Bg5 Qc7 7. O-O Bg7 8. Qa4
Nge7 9. e4 d4 10. Na3 a6 11. Qd1 O-O 12. Rc1 Bg4 13. h3 Bxf3 14. Qxf3 dxc3 15.
Rxc3 Nd4 16. Qd1 Qd6 17. Nc4 Qe6 18. Bxe7 Qxe7 19. Nb6 Rab8 20. Kh2 Qd6 21. Nd5
Ne6 22. a4 b5 23. a5 b4 24. Rc4 Rb5 25. Qa4 Nd4 26. Rfc1 Nc6 27. Qc2 Nd4 28.
Qa4 Bh6 29. Ne3 Rc8 30. Rf1 Nc6 31. Nd5 Rxa5 32. Qd1 Nd4 33. Qg4 Re8 34. Qh4
Bg7 35. f4 exf4 36. Qxf4 Qxf4 37. gxf4 Ne6 38. f5 Be5+ 39. Kh1 Ng7 40. f6 Nh5
41. Rf3 Ng3+ 42. Kg1 h5 43. Kf2 h4 44. Ke3 Ra1 45. Rxc5 Re1+ 46. Kd2 Re2+ 47.
Kd1 Rxg2 48. Ne7+ Kh7 49. Rxe5 Kh6 50. Nxg6 Rc8 51. Nxh4 Rg1+ 52. Kd2 Nf1+ 53.
Kd1 Nh2+ 54. Ke2 Nxf3 55. Kxf3 Rf1+ 56. Kg4 Rg8+ 0-1

[Event "IX Open Primavera"]
[Site "Como ITA"]
[Date "2014.03.06"]
[Round "1"]
[White "Riva, Angelo Carlo"]
[Black "Primerano, Carlo"]
[WhiteElo "1500"]
[BlackElo "1731"]
[Result "0-1"]
[PlyCount "102"]
[EventDate "2014.03.06"]

1. e4 g6 2. Nf3 Bg7 3. Bc4 d6 4. h3 c5 5. c3 Nf6 6. d3 Nc6 7. Bg5 O-O 8. a3 Qc7
9. Nbd2 a6 10. O-O b5 11. Ba2 b4 12. axb4 cxb4 13. d4 bxc3 14. bxc3 Bb7 15. Re1
e6 16. Rc1 Rfe8 17. Nc4 Na5 18. e5 Nxc4 19. exf6 Bh8 20. Nh2 Qa5 21. Qb3 Bd5
22. Ra1 Bxg2 23. h4 Bd5 24. Qc2 Qd8 25. Ng4 h5 26. Ne3 Nxe3 27. fxe3 Bxf6 28.
Bxd5 exd5 29. Qg2 Bxg5 30. hxg5 Re4 31. Qa2 Qxg5+ 32. Kf2 Qh4+ 33. Ke2 Qh2+ 34.
Kd3 Qxa2 35. Rxa2 f5 36. Rg1 Kf7 37. Ra5 Rae8 38. Rg3 h4 39. Rh3 Ke6 40. Rxa6
Rb8 41. Ra7 Rg8 42. Rh7 g5 43. c4 dxc4+ 44. Kxc4 d5+ 45. Kd3 Rg4 46. Rh6+ Kd7
47. Rf6 f4 48. exf4 gxf4 49. Rh6 Rg3+ 50. Rxg3 hxg3 51. Ke2 g2 0-1

[Event "IX Open Primavera"]
[Site "Como ITA"]
[Date "2014.03.06"]
[Round "1"]
[White "Salvade', Ettore"]
[Black "Rossini, Fulvio"]
[WhiteElo "1523"]
[BlackElo "1827"]
[Result "0-1"]
[PlyCount "66"]
[EventDate "2014.03.06"]

1. e4 e6 2. Nf3 d5 3. e5 c5 4. d3 Nc6 5. c3 Nge7 6. Bg5 h6 7. Bxe7 Bxe7 8. Qe2
b5 9. a3 c4 10. d4 a5 11. g3 Rb8 12. Nfd2 b4 13. Bg2 bxc3 14. bxc3 Rb2 15. O-O
Ba6 16. Rc1 Qb6 17. Qd1 O-O 18. Rc2 Nxd4 19. cxd4 Qxd4 20. Nc3 Rxc2 21. Qxc2
Qxe5 22. Nf3 Qd6 23. Nd4 Bf6 24. Ndb5 Bxb5 25. Nxb5 Qc5 26. Rb1 Rb8 27. a4 Rc8
28. Rc1 d4 29. Be4 Kf8 30. Bd3 cxd3 31. Qxc5+ Rxc5 32. Rxc5 d2 33. Rc8+ Ke7 0-1

[Event "IX Open Primavera"]
[Site "Como ITA"]
[Date "2014.03.13"]
[Round "2"]
[White "Bellotto, Stefano"]
[Black "Moioli, Ferruccio"]
[WhiteElo "1989"]
[BlackElo "1677"]
[Result "1-0"]
[PlyCount "67"]
[EventDate "2014.03.06"]

1. c4 e5 2. Nc3 Nc6 3. g3 g6 4. Bg2 Bg7 5. e4 d6 6. Nge2 Bg4 7. h3 Be6 8. d3
Nge7 9. O-O Qd7 10. Kh2 h5 11. Nd5 h4 12. g4 f5 13. exf5 gxf5 14. gxf5 Nxf5 15.
Nec3 a6 16. Bg5 Qf7 17. Rc1 Kd7 18. Ne4 Bxd5 19. cxd5 Nce7 20. Bxe7 Nxe7 21.
Qa4+ b5 22. Qb3 Bh6 23. Rc2 Rhg8 24. Rg1 Qf5 25. a4 Rab8 26. axb5 Ng6 27. Qc4
Rbc8 28. Qc6+ Ke7 29. Qb7 Qd7 30. Bf1 Bf4+ 31. Kh1 Kf7 32. Rc6 Ne7 33. Nxd6+
Kf6 34. Nxc8+ 1-0

[Event "IX Open Primavera"]
[Site "Como ITA"]
[Date "2014.03.13"]
[Round "2"]
[White "Bettinelli, Sergio"]
[Black "Bassoli, Andrea D."]
[WhiteElo "1484"]
[BlackElo "1590"]
[Result "0-1"]
[PlyCount "76"]
[EventDate "2014.03.06"]

1. c4 c5 2. Nc3 Nc6 3. Nf3 Nf6 4. e4 d6 5. Be2 g6 6. O-O Bg7 7. d4 cxd4 8. Nxd4
O-O 9. Nxc6 bxc6 10. Bf4 Bb7 11. Qc2 Qc7 12. Rad1 h6 13. c5 e5 14. cxd6 Qa5 15.
Bxe5 Qxe5 16. f4 Qc5+ 17. Kh1 Nxe4 18. Qxe4 Rfe8 19. Qf3 Qb4 20. f5 Rad8 21.
Bd3 c5 22. Qf2 Bd4 23. Qc2 Rxd6 24. a3 Qa5 25. Nb5 Rb6 26. fxg6 f6 27. Qc4+
Rbe6 28. Bf5 Qa6 29. a4 Kg7 30. Qa2 Bxg2+ 31. Kxg2 Qb7+ 32. Rf3 Re2+ 33. Kg3
Be5+ 34. Kg4 h5+ 35. Kh4 Rxh2+ 36. Rh3 Rxh3+ 37. Bxh3 Qe4+ 38. Kxh5 Rh8# 0-1

[Event "IX Open Primavera"]
[Site "Como ITA"]
[Date "2014.03.13"]
[Round "2"]
[White "Brambilla, Emilio"]
[Black "Manino, Edoardo"]
[WhiteElo "1482"]
[BlackElo "1926"]
[Result "0-1"]
[PlyCount "76"]
[EventDate "2014.03.06"]

1. d4 c5 2. d5 f5 3. Nf3 g6 4. g3 Nf6 5. Bg2 Bg7 6. c3 d6 7. O-O O-O 8. Na3 Bd7
9. Re1 Na6 10. Ng5 Nc7 11. c4 a6 12. Rb1 Rb8 13. e4 h6 14. e5 dxe5 15. Ne6 Nxe6
16. dxe6 Bxe6 17. Qxd8 Rfxd8 18. Rxe5 Rd1+ 19. Bf1 Kf7 20. Rxc5 Ne4 21. Rd5
Bxd5 22. cxd5 Bd4 23. Kg2 Rc8 24. Bxh6 Rxb1 25. Nxb1 Rc2 26. Bd3 Rxf2+ 27. Kh1
Nf6 28. Bc4 Ng4 29. d6+ e6 30. Kg1 Nxh6 31. Nc3 Rxb2+ 32. Kf1 Bxc3 33. d7 Ke7
34. Bxe6 Ng4 35. h4 Nh2+ 36. Kg1 Nf3+ 37. Kf1 Bd4 38. h5 Rf2# 0-1

[Event "IX Open Primavera"]
[Site "Como ITA"]
[Date "2014.03.13"]
[Round "2"]
[White "Buonocore, Elio"]
[Black "Nastasi, Ivano"]
[WhiteElo "2177"]
[BlackElo "1725"]
[Result "1/2-1/2"]
[PlyCount "37"]
[EventDate "2014.03.06"]

1. e4 c5 2. Nf3 d6 3. d4 cxd4 4. Nxd4 Nf6 5. Nc3 g6 6. Be3 a6 7. f3 h5 8. Qd2
b5 9. O-O-O Bb7 10. Kb1 Bg7 11. a3 Qa5 12. Nb3 Qc7 13. Nd5 Nxd5 14. exd5 Nd7
15. Na5 Rc8 16. Nxb7 Qxb7 17. Bd4 Nf6 18. Bf2 Bh6 19. Qd4 1/2-1/2

[Event "IX Open Primavera"]
[Site "Como ITA"]
[Date "2014.03.13"]
[Round "2"]
[White "Canali, Marco"]
[Black "Puppi, Simone"]
[WhiteElo "1832"]
[BlackElo "1538"]
[Result "1/2-1/2"]
[PlyCount "86"]
[EventDate "2014.03.06"]

1. e4 c5 2. Nf3 Nc6 3. c3 Nf6 4. e5 Nd5 5. d4 cxd4 6. cxd4 e6 7. Nc3 Bb4 8. Bd2
Nxc3 9. bxc3 Be7 10. Bd3 d5 11. O-O a6 12. Qc2 h6 13. a4 Na5 14. Rfb1 Bd7 15.
Bc1 Rc8 16. Ba3 Rc7 17. Bxe7 Qxe7 18. Nd2 h5 19. Nb3 Nxb3 20. Rxb3 h4 21. Rb6
h3 22. g3 Qg5 23. f4 Qe7 24. Rab1 Bc8 25. Rd6 g5 26. f5 exf5 27. Bxf5 Bxf5 28.
Qxf5 Rxc3 29. Rdb6 Rc7 30. Rxb7 Rxb7 31. Qc8+ Qd8 32. Qxb7 Rh6 33. Rf1 Qd7 34.
Qa8+ Qd8 35. Qxd8+ Kxd8 36. Rxf7 Rb6 37. g4 Rb4 38. Rg7 Rxd4 39. Rxg5 Rxa4 40.
e6 Ke7 41. Rxd5 Rxg4+ 42. Kh1 Kxe6 43. Ra5 Rf4 1/2-1/2

[Event "IX Open Primavera"]
[Site "Como ITA"]
[Date "2014.03.13"]
[Round "2"]
[White "Ciancio, Mario"]
[Black "Frignani, Alessandro"]
[WhiteElo "1563"]
[BlackElo "1410"]
[Result "1-0"]
[PlyCount "125"]
[EventDate "2014.03.06"]

1. e4 e5 2. Nf3 Qf6 3. Nc3 c6 4. Bc4 Bc5 5. d3 h6 6. Qe2 Ne7 7. Be3 Bb6 8. a3
d6 9. h3 Nd7 10. g4 g5 11. O-O-O Ng6 12. Rdg1 Nf4 13. Bxf4 exf4 14. Re1 Ne5 15.
Nxe5 Qxe5 16. Bb3 Be6 17. Bxe6 fxe6 18. Nd1 Qc5 19. h4 O-O-O 20. c3 a5 21. d4
Qb5 22. Qxb5 cxb5 23. f3 Kd7 24. Rh2 Rc8 25. Kd2 Bd8 26. hxg5 Bxg5 27. Reh1 b4
28. axb4 axb4 29. Nf2 bxc3+ 30. bxc3 Ra8 31. Nh3 Ra2+ 32. Kd3 Rha8 33. Nxg5
Rxh2 34. Rxh2 hxg5 35. Rh7+ Kc6 36. Rg7 Ra5 37. Rg6 Kd7 38. Rg7+ Kc6 39. Re7
Ra1 40. Rxe6 Re1 41. Rg6 Re3+ 42. Kd2 Rxf3 43. e5 Kd5 44. e6 Re3 45. Rxg5+ Kxe6
46. d5+ Kd7 47. Rf5 Re5 48. c4 Rxf5 49. gxf5 Ke7 50. Kd3 Kf6 51. Ke4 f3 52.
Kxf3 Kxf5 53. Ke3 Ke5 54. Kd3 b6 55. Ke3 Kf5 56. Kd4 Kf4 57. Kc3 Ke4 58. Kb4
Kd4 59. Kb5 Kc3 60. Kxb6 Kxc4 61. Kc6 Kb4 62. Kxd6 Kb5 63. Kc7 1-0

[Event "IX Open Primavera"]
[Site "Como ITA"]
[Date "2014.03.13"]
[Round "2"]
[White "Corti, Filippo"]
[Black "Riva, Angelo Carlo"]
[WhiteElo "1650"]
[BlackElo "1500"]
[Result "0-1"]
[PlyCount "116"]
[EventDate "2014.03.06"]

1. Nf3 d5 2. g3 Nf6 3. Bg2 e6 4. d3 h6 5. O-O Bc5 6. d4 Bd6 7. Nbd2 c5 8. dxc5
Bxc5 9. c4 O-O 10. cxd5 Nxd5 11. Nb3 Bb6 12. Bd2 Nc6 13. a3 Qf6 14. e4 Nde7 15.
Bc3 Qg6 16. Nh4 Qg5 17. Kh1 Ng6 18. f4 Qe7 19. Nxg6 fxg6 20. Qg4 Kh7 21. e5 Bd7
22. Be4 Rf5 23. Bxf5 exf5 24. Qe2 Be6 25. Nd2 Rd8 26. Nf3 Qc5 27. Qg2 Bd5 28.
Rad1 Qe3 29. Ng5+ hxg5 30. Rxd5 gxf4 31. Rxd8 Nxd8 32. gxf4 Ne6 33. Qf3 g5 34.
Qxe3 Bxe3 35. fxg5 f4 36. h4 Kg6 37. Kg2 Kf5 38. Kf3 g6 39. Rd1 Nc5 40. Rd6 Ne4
41. Rf6+ Nxf6 42. exf6 Ke6 43. Be1 a6 44. Bf2 Bc1 45. Bd4 b5 46. Bc3 Be3 47.
Kg4 Kf7 48. Be5 Bc1 49. Bc3 Ke6 50. Bd4 a5 51. h5 gxh5+ 52. Kxh5 Be3 53. g6
Bxd4 54. g7 Kf7 55. Kg4 Bxb2 56. Kxf4 Bxf6 57. Ke4 Bb2 58. Kd5 b4 0-1

[Event "IX Open Primavera"]
[Site "Como ITA"]
[Date "2014.03.13"]
[Round "2"]
[White "Filippini, Enea"]
[Black "Salvade', Ettore"]
[WhiteElo "1694"]
[BlackElo "1523"]
[Result "1-0"]
[PlyCount "75"]
[EventDate "2014.03.06"]

1. d4 Nf6 2. c4 g6 3. Nc3 Bg7 4. e4 d6 5. f3 O-O 6. Be3 e5 7. d5 c6 8. Bd3 a6
9. a4 c5 10. Nge2 Ne8 11. O-O f5 12. exf5 Bxf5 13. Ne4 h6 14. Qd2 g5 15. N2g3
Bxe4 16. fxe4 Nf6 17. Nf5 Ng4 18. Nxg7 Rxf1+ 19. Rxf1 Kxg7 20. h3 Nxe3 21. Qxe3
Nd7 22. Qf3 Nf6 23. Be2 Qe7 24. g4 Rf8 25. Qe3 a5 26. Rf5 Qe8 27. b3 b6 28. Qf3
Qe7 29. Kf2 Rh8 30. Ke3 Kg6 31. Kd3 h5 32. Qe3 hxg4 33. Qxg5+ Kf7 34. Bxg4 Qd8
35. Bh5+ Rxh5 36. Qxh5+ Ke7 37. Rxf6 Qg8 38. Qg6 1-0

[Event "IX Open Primavera"]
[Site "Como ITA"]
[Date "2014.03.13"]
[Round "2"]
[White "Gonella, Graziano"]
[Black "Pede, Lucio"]
[WhiteElo "1163"]
[BlackElo "1794"]
[Result "0-1"]
[PlyCount "92"]
[EventDate "2014.03.06"]

1. e4 e5 2. Ne2 Bc5 3. d4 exd4 4. Nxd4 Qf6 5. Be3 Nc6 6. c3 d6 7. Qd2 Bd7 8.
Bb5 Nge7 9. O-O O-O 10. b4 Bb6 11. Na3 Qg6 12. f3 Ne5 13. Bxd7 Nxd7 14. Nac2
Ne5 15. Na3 Rad8 16. b5 d5 17. Qc2 dxe4 18. Qxe4 Qxe4 19. fxe4 Ng4 20. Bf4 Rxd4
21. Bxc7 Rd7+ 22. Bxb6 axb6 23. Rfe1 Rc8 24. c4 Ne5 25. Re3 Nxc4 26. Nxc4 Rxc4
27. a4 Rdc7 28. Kf2 Rd7 29. Re2 Rdd4 30. Kf3 Rxa4 31. Rxa4 Rxa4 32. Rc2 f6 33.
g3 Ng6 34. h3 Ne5+ 35. Kf4 Rb4 36. Rc3 Rxb5 37. Rc7 Nd3+ 38. Ke3 Nc5 39. Rc8+
Kf7 40. Rc7+ Kg6 41. h4 Rb4 42. h5+ Kh6 43. Re7 Rxe4+ 44. Rxe4 Nxe4 45. Kxe4
Kxh5 46. Kd5 Kg4 0-1

[Event "IX Open Primavera"]
[Site "Como ITA"]
[Date "2014.03.13"]
[Round "2"]
[White "Lipari, Alberto"]
[Black "Giaracuni, Claudio"]
[WhiteElo "1525"]
[BlackElo "1778"]
[Result "0-1"]
[PlyCount "72"]
[EventDate "2014.03.06"]

1. c4 g6 2. d4 Bg7 3. Nc3 e6 4. Nf3 Ne7 5. e4 O-O 6. Be2 c6 7. O-O d5 8. e5 f6
9. c5 Nd7 10. Bf4 b6 11. b4 a5 12. a3 fxe5 13. Bxe5 Bxe5 14. Nxe5 Nxe5 15. dxe5
Qc7 16. Qb3 bxc5 17. bxc5 Qxe5 18. Rfe1 Qd4 19. Bf3 Qxc5 20. Rac1 Qd6 21. Ne2
Bd7 22. Qc3 e5 23. Red1 Qf6 24. Qc5 Rad8 25. Ng3 Nf5 26. Nxf5 Qxf5 27. h3 h5
28. Be2 Rf6 29. f3 h4 30. Qxa5 Rdf8 31. Qc5 Qf4 32. Rb1 Qg3 33. Kf1 g5 34. Rb7
Bxh3 35. Qe7 Bxg2+ 36. Kg1 Bh3+ 0-1